000
00325nam a22001457a 4500
008
210312b ||||| |||| 00| 0 eng d
020
_a
0880290307
041
_a
eng
080
_a
316
082
_a
316
100
_a
50
101
_a
SOC
245
_a
The Gentle Art of Verbal Self-Defense
_c
Elgin, S. H
942
_2
udc
_c
BK
999
_c
56559
_d
56559